000 00718cam a2200241 a 4500
001 2943101
005 20231120013235.0
008 901211s1991 enkaf b 001 0 eng
020 _a0044456662
020 _a0044456670 (pbk.)
040 _aDLC
_cDLC
_dDLC
082 0 0 _a305.42/01
_220
245 0 0 _aOff-centre :
_bfeminism and cultural studies /
_cedited by Sarah Franklin, Celia Lury & Jackie Stacey.
250 _a12th
260 _aHammersmith, London, UK ;
_aNew York, NY, USA :
_bHarperCollins Academic,
_c1991.
300 _a1 - 334 p.
650 0 _aFeminist theory.
650 0 _aCulture.
700 1 _aFranklin, Sarah.
_eedt
700 1 _aLury, Celia.
_eedt
700 1 _aStacey, Jackie.
_eedt
942 _cL
999 _c35
_d35